[Event "TUR-chT2"]
[Site "Konya"]
[Date "2015.07.30"]
[Round "8.3"]
[White "Ulusoy, Nisan"]
[Black "Erece, Ece Alkim"]
[Result "1/2-1/2"]
[WhiteElo "1686"]
[BlackElo "1612"]
[PlyCount "108"]
[EventDate "2015.07.25"]
[EventType "team-swiss"]
[EventRounds "9"]
[EventCountry "TUR"]
[SourceTitle "CBM 167 Extra"]
[Source "ChessBase"]
[SourceDate "2015.09.14"]
[SourceVersion "1"]
[SourceVersionDate "2015.09.14"]
[SourceQuality "1"]
[WhiteTeam "Izmir Tas Duvar"]
[BlackTeam "Bursa Buyuksehir"]
[WhiteTeamCountry "TUR"]
[BlackTeamCountry "TUR"]

1. e4 e5 2. Nf3 Nc6 3. Bc4 Bc5 4. c3 Nf6 5. 0-0 d6 6. d4 exd4 7. cxd4 Bb6 8. d5 Ne5 9. Nxe5 dxe5 10. Bg5 0-0 11. Nc3 a6 12. Kh1 Qd6 13. f4 Bd4 14. Bxf6 Qxf6 15. f5 Rd8 16. a4 b6 17. Qd2 Bb7 18. Ne2 Bc5 19. b4 Bf8 20. Rab1 c6 21. Ng3 cxd5 22. exd5 Qh4 23. Ba2 Rd7 24. Rfe1 Qd8 25. Rbd1 Bd6 26. Ne4 f6 27. Re3 Kh8 28. Rh3 Rc8 29. Qf2 h6 30. Qd2 Rdc7 31. Bb3 Rd7 32. g4 Bf8 33. g5 fxg5 34. Nxg5 Qf6 35. Ne6 Qxf5 36. Qg2 Qxe6 37. dxe6 Rxd1+ 38. Bxd1 Bxg2+ 39. Kxg2 Bxb4 40. Rb3 Bc5 41. Be2 a5 42. Bb5 Kg8 43. Kf3 Kf8 44. Ke4 Bd4 45. Kd5 Ke7 46. Bc6 Rd8+ 47. Bd7 Rf8 48. Rg3 g5 49. Rh3 Rf6 50. Rh5 g4 51. Rh4 Rg6 52. Rh5 Rf6 53. Rh4 Rg6 54. Rh5 Rf6 1/2-1/2

[Event "TUR-chT"]
[Site "Konya"]
[Date "2012.07.11"]
[Round "1"]
[White "Ulusoy, Nisan"]
[Black "Ozturk, Hilal"]
[Result "0-1"]
[WhiteElo "1793"]
[BlackElo "1852"]
[PlyCount "126"]
[EventDate "2012.07.11"]
[EventType "team-tourn"]
[EventRounds "13"]
[EventCountry "TUR"]
[SourceTitle "CBM 149 Extra"]
[Source "ChessBase"]
[SourceDate "2012.08.24"]
[SourceVersion "1"]
[SourceVersionDate "2012.08.24"]
[SourceQuality "1"]
[WhiteTeam "Manisa TS Alyans"]
[BlackTeam "Istanbul Teknik Uni"]
[WhiteTeamCountry "TUR"]
[BlackTeamCountry "TUR"]

1. e4 e5 2. Nf3 Nc6 3. Bb5 a6 4. Ba4 Nf6 5. 0-0 Be7 6. Re1 b5 7. Bb3 d6 8. c3 0-0 9. h3 Na5 10. Bc2 c5 11. d4 Qc7 12. d5 c4 13. b3 Bd7 14. Ba3 Bd8 15. Nbd2 cxb3 16. axb3 Re8 17. Rc1 Be7 18. Bd3 Bf8 19. c4 Qb6 20. b4 Nb7 21. Nb3 Rac8 22. Nfd2 g6 23. g4 Bh6 24. c5 Qa7 25. c6 Bxc6 26. Rxc6 Rxc6 27. dxc6 Nd8 28. Qf3 Qe7 29. Rc1 Ne6 30. h4 Bf4 31. Rc2 h5 32. g5 Ng4 33. Nf1 f6 34. Ne3 Bxe3 35. fxe3 fxg5 36. hxg5 Nxg5 37. Qg3 Rf8 38. Nd2 Nf2 39. c7 Nfh3+ 40. Kh2 Qe6 41. c8Q Rxc8 42. Rxc8+ Qxc8 43. Bf1 h4 44. Qe1 Qc2 45. Qe2 Qc3 46. Bxh3 Nxh3 47. Nb1 Qb3 48. Qg4 Kg7 49. Kxh3 Qxb1 50. Qd7+ Kh6 51. Kxh4 Qxe4+ 52. Qg4 Qxe3 53. Qc8 Qf4+ 54. Kh3 Qf1+ 55. Kh4 Qh1+ 56. Qh3 Qb1 57. Qd7 Qe4+ 58. Qg4 Qe3 59. Qc8 Qf4+ 60. Kh3 Qf1+ 61. Kh4 Qh1+ 62. Qh3 Qg1 63. Bc1+ g5+ 0-1

[Event "EU School-ch U13"]
[Site "Kallithea"]
[Date "2012.06.17"]
[Round "6"]
[White "Vallianos, Gerasimos"]
[Black "Ulusoy, Nisan"]
[Result "0-1"]
[WhiteElo "1613"]
[BlackElo "1711"]
[PlyCount "64"]
[EventDate "2012.06.13"]
[EventType "swiss"]
[EventRounds "9"]
[EventCountry "GRE"]
[SourceTitle "EXT 2024"]
[Source "ChessBase"]
[SourceDate "2023.10.10"]
[SourceVersion "1"]
[SourceVersionDate "2023.10.10"]
[SourceQuality "1"]

1. d4 Nf6 2. c4 g6 3. Nc3 Bg7 4. e4 d6 5. f3 0-0 6. Be3 e5 7. d5 c6 8. h4 Nh5 9. Nge2 f5 10. Qb3 Kh8 11. 0-0-0 cxd5 12. Nxd5 f4 13. Bf2 Nc6 14. Nec3 Ng3 15. Bxg3 fxg3 16. Ne2 Bd7 17. h5 gxh5 18. Rxh5 Na5 19. Qd3 Nxc4 20. f4 Bg4 21. Rg5 Bxe2 22. Qxe2 exf4 23. Rxg7 Kxg7 24. Qg4+ Kh8 25. Kb1 Ne5 26. Qh5 Qe8 27. Qh3 Qg6 28. Ka1 Qg4 29. Qxg4 Nxg4 30. Nc7 Ne3 31. Rc1 Rac8 32. Bb5 f3 0-1

[Event "EU School-ch U13"]
[Site "Kallithea"]
[Date "2012.06.14"]
[Round "3"]
[White "Chernukhin, Alexander"]
[Black "Ulusoy, Nisan"]
[Result "1/2-1/2"]
[WhiteElo "1998"]
[BlackElo "1711"]
[PlyCount "87"]
[EventDate "2012.06.13"]
[EventType "swiss"]
[EventRounds "9"]
[EventCountry "GRE"]
[SourceTitle "EXT 2024"]
[Source "ChessBase"]
[SourceDate "2023.10.10"]
[SourceVersion "1"]
[SourceVersionDate "2023.10.10"]
[SourceQuality "1"]

1. Nf3 Nf6 2. g3 g6 3. Bg2 Bg7 4. 0-0 0-0 5. d3 d5 6. Nbd2 c5 7. e4 e6 8. Re1 Nc6 9. Qe2 b6 10. Nf1 Ba6 11. e5 Nd7 12. Bf4 Rc8 13. c3 b5 14. h4 Qb6 15. N1h2 Na5 16. h5 b4 17. Ng4 Qb5 18. Red1 Qb8 19. Nf6+ Bxf6 20. exf6 Qb6 21. Bg5 e5 22. Bh3 Bb5 23. Bxd7 Bxd7 24. Nxe5 Qe6 25. hxg6 fxg6 26. f4 d4 27. c4 h6 28. Qe4 Be8 29. Bh4 Nc6 30. Nxc6 Rxc6 31. Qf3 Qe3+ 32. Qxe3 dxe3 33. d4 e2 34. Rd2 cxd4 35. Rxd4 Bf7 36. b3 Be6 37. f5 Bxf5 38. g4 Bc2 39. Re1 Bd1 40. g5 hxg5 41. Bxg5 Ra6 42. Rd7 Rf7 43. Rd8+ Rf8 44. Rd7 1/2-1/2

[Event "TUR-ALG Friendship (Women)"]
[Site "Ankara"]
[Date "2012.05.20"]
[Round "8"]
[White "Ulusoy, Nisan"]
[Black "Nouali, Djouher"]
[Result "1-0"]
[WhiteElo "1711"]
[BlackElo "1756"]
[PlyCount "79"]
[EventDate "2012.05.12"]
[EventType "schev"]
[EventRounds "8"]
[EventCountry "TUR"]
[SourceTitle "CBM 148 Extra"]
[Source "ChessBase"]
[SourceDate "2012.06.22"]
[SourceVersion "1"]
[SourceVersionDate "2012.06.22"]
[SourceQuality "1"]
[WhiteTeam "Turkey (W)"]
[BlackTeam "Algeria (W)"]
[WhiteTeamCountry "TUR"]
[BlackTeamCountry "ALG"]

1. e4 e5 2. Nf3 Nc6 3. Bb5 a6 4. Ba4 Nf6 5. 0-0 b5 6. Bb3 Be7 7. Re1 d6 8. c3 Bg4 9. h3 Bh5 10. d3 0-0 11. Nbd2 Na5 12. Bc2 c5 13. Nf1 h6 14. Ng3 Bg6 15. Nh4 Bh7 16. Nhf5 Nc6 17. Qd2 Kh8 18. Bb3 Ng8 19. Qe2 Bg5 20. Bxg5 hxg5 21. h4 g6 22. hxg5 gxf5 23. Qh5 fxe4 24. Rxe4 f5 25. g6 Nf6 26. Qh6 Qd7 27. Rh4 Qg7 28. Nxf5 Qxh6 29. Rxh6 Ra7 30. Nxd6 Ne7 31. gxh7 Nxh7 32. Re1 Kg7 33. Rh5 Ng6 34. Re3 Rd7 35. Nf5+ Kf6 36. Nh4 Nf4 37. Rhxe5 Nxd3 38. Rf5+ Kg7 39. Rg3+ Ng5 40. Rgxg5+ 1-0

[Event "TUR-ALG Friendship (Women)"]
[Site "Ankara"]
[Date "2012.05.17"]
[Round "5"]
[White "Mazouz, Louiza"]
[Black "Ulusoy, Nisan"]
[Result "0-1"]
[WhiteElo "1667"]
[BlackElo "1711"]
[PlyCount "58"]
[EventDate "2012.05.12"]
[EventType "schev"]
[EventRounds "8"]
[EventCountry "TUR"]
[SourceTitle "CBM 148 Extra"]
[Source "ChessBase"]
[SourceDate "2012.06.22"]
[SourceVersion "1"]
[SourceVersionDate "2012.06.22"]
[SourceQuality "1"]
[WhiteTeam "Algeria (W)"]
[BlackTeam "Turkey (W)"]
[WhiteTeamCountry "ALG"]
[BlackTeamCountry "TUR"]

1. d4 Nf6 2. Nf3 g6 3. Bf4 Bg7 4. e3 0-0 5. Be2 d6 6. 0-0 Nbd7 7. c4 Nh5 8. Bg3 e5 9. Nc3 f5 10. Bh4 Nhf6 11. Nd5 h6 12. Bxf6 Bxf6 13. Nxf6+ Qxf6 14. dxe5 dxe5 15. Qc2 b6 16. Rfd1 Nc5 17. Nd2 Bb7 18. b4 Ne6 19. Nb3 f4 20. e4 f3 21. Bxf3 Ng5 22. Nd2 Rad8 23. c5 Ba6 24. Qb3+ Kh8 25. b5 Qf4 26. bxa6 Rxd2 27. Rxd2 Qxd2 28. cxb6 Nxe4 29. Bxe4 Qxf2+ 0-1

[Event "TUR-ALG Friendship (Women)"]
[Site "Ankara"]
[Date "2012.05.14"]
[Round "3"]
[White "Ulusoy, Nisan"]
[Black "Latreche, Khadidja"]
[Result "1-0"]
[WhiteElo "1711"]
[BlackElo "1926"]
[PlyCount "79"]
[EventDate "2012.05.12"]
[EventType "schev"]
[EventRounds "8"]
[EventCountry "TUR"]
[SourceTitle "CBM 148 Extra"]
[Source "ChessBase"]
[SourceDate "2012.06.22"]
[SourceVersion "1"]
[SourceVersionDate "2012.06.22"]
[SourceQuality "1"]
[WhiteTeam "Turkey (W)"]
[BlackTeam "Algeria (W)"]
[WhiteTeamCountry "TUR"]
[BlackTeamCountry "ALG"]

1. e4 d5 2. exd5 Nf6 3. d4 Nxd5 4. c4 Nb6 5. Nf3 g6 6. Nc3 Bg7 7. Be3 0-0 8. a4 a5 9. Ne5 Be6 10. b3 Na6 11. Be2 Nb4 12. 0-0 Bf5 13. g4 Bc2 14. Qc1 Bxb3 15. Ne4 Nc2 16. Rb1 Nxd4 17. Bxd4 Qxd4 18. Rxb3 Bxe5 19. Qh6 Bg7 20. Qe3 Qxe3 21. fxe3 Rab8 22. Nc5 Rfd8 23. Rc1 Rd2 24. Bf3 Be5 25. h3 Ra2 26. Bxb7 Bd6 27. Ne4 Ra3 28. Rb5 Rxb7 29. c5 Rxa4 30. cxd6 exd6 31. Nf6+ Kg7 32. Ne8+ Kf8 33. Nxc7 Rb4 34. Rxa5 Ke7 35. Na6 Rb3 36. e4 Kd7 37. e5 Na8 38. exd6 Rb1 39. Nc5+ Kxd6 40. Nxb7+ 1-0

[Event "TUR-ch (Women)"]
[Site "Kemer"]
[Date "2012.02.02"]
[Round "8"]
[White "Ulusoy, Nisan"]
[Black "Kovan, Nazli"]
[Result "1-0"]
[WhiteElo "1692"]
[BlackElo "1617"]
[PlyCount "51"]
[EventDate "2012.01.29"]
[EventType "swiss"]
[EventRounds "9"]
[EventCountry "TUR"]
[SourceTitle "CBM 146 Extra"]
[Source "ChessBase"]
[SourceDate "2012.02.29"]
[SourceVersion "1"]
[SourceVersionDate "2012.02.29"]
[SourceQuality "1"]

1. e4 d6 2. d4 Nf6 3. Nc3 g6 4. f3 Bg7 5. Be3 0-0 6. Qd2 Re8 7. g4 c6 8. h4 Nbd7 9. h5 Nf8 10. Bh6 e5 11. Bxg7 Kxg7 12. 0-0-0 Be6 13. hxg6 fxg6 14. dxe5 dxe5 15. Qh6+ Kg8 16. Rxd8 Rexd8 17. Nge2 b5 18. Ng3 a5 19. Nf5 Rd7 20. Qg5 Bxf5 21. gxf5 Kg7 22. fxg6 Nxg6 23. Bh3 Re7 24. Bf5 a4 25. Bxg6 hxg6 26. Rh6 1-0

[Event "TUR-ch (Women)"]
[Site "Kemer"]
[Date "2012.01.30"]
[Round "3"]
[White "Cemhan, Kardelen"]
[Black "Ulusoy, Nisan"]
[Result "1-0"]
[WhiteElo "1952"]
[BlackElo "1692"]
[PlyCount "133"]
[EventDate "2012.01.29"]
[EventType "swiss"]
[EventRounds "9"]
[EventCountry "TUR"]
[SourceTitle "CBM 146 Extra"]
[Source "ChessBase"]
[SourceDate "2012.02.29"]
[SourceVersion "1"]
[SourceVersionDate "2012.02.29"]
[SourceQuality "1"]

1. e4 e6 2. d4 d5 3. Nd2 Nf6 4. e5 Nfd7 5. Bd3 c5 6. c3 Nc6 7. Ne2 Qb6 8. Nf3 cxd4 9. cxd4 f6 10. exf6 Bb4+ 11. Bd2 Nxf6 12. 0-0 0-0 13. h3 Rd8 14. Be3 Bd6 15. b3 Nb4 16. Bb1 Ne4 17. a3 Na6 18. Ng5 Qc6 19. Nxe4 dxe4 20. Qc2 Qb5 21. Nc3 Qd3 22. Qxd3 exd3 23. Bxd3 e5 24. Bc4+ Kh8 25. Bg5 Re8 26. Nb5 Be7 27. Bxe7 Rxe7 28. Rfe1 e4 29. Nd6 Nc7 30. Rxe4 Rxe4 31. Nxe4 b5 32. Be2 Bb7 33. Nd6 Bd5 34. Nxb5 Nxb5 35. Bxb5 Bxb3 36. Re1 Kg8 37. Re8+ Rxe8 38. Bxe8 Kf8 39. Bb5 Ke7 40. Kf1 Kd6 41. Ke2 Bd5 42. g4 g5 43. f3 a5 44. Ke3 Kc7 45. Bf1 Kb6 46. f4 h6 47. f5 Kc6 48. Bd3 Kd6 49. Be4 Bc4 50. Bg2 Bb5 51. Kd2 Ba6 52. Kc3 Bb5 53. Kb3 Bd7 54. Kc4 Be8 55. Bd5 h5 56. f6 Bg6 57. f7 Ke7 58. Kc5 hxg4 59. hxg4 Bc2 60. Bf3 Kxf7 61. d5 Ke8 62. Kb6 a4 63. Kc7 Bd3 64. d6 Bb5 65. Bc6+ Bxc6 66. Kxc6 Kd8 67. d7 1-0

[Event "Wch U12 Girls"]
[Site "Caldas Novas"]
[Date "2011.11.19"]
[Round "2"]
[White "Priyamvada, Karamcheti"]
[Black "Ulusoy, Nisan"]
[Result "1-0"]
[WhiteElo "1782"]
[BlackElo "1692"]
[PlyCount "81"]
[EventDate "2011.11.18"]
[EventType "swiss"]
[EventRounds "9"]
[EventCountry "BRA"]
[SourceTitle "EXT 2013"]
[Source "ChessBase"]
[SourceDate "2012.11.22"]
[SourceVersion "1"]
[SourceVersionDate "2012.11.22"]
[SourceQuality "1"]

1. e4 e6 2. d3 d5 3. Nd2 Nf6 4. Ngf3 c5 5. g3 b6 6. Bg2 Bb7 7. Qe2 Be7 8. 0-0 0-0 9. e5 Nfd7 10. Re1 Nc6 11. Nf1 Qc7 12. h4 Rac8 13. c3 Rfd8 14. Bf4 b5 15. N1h2 Nb6 16. Bh3 d4 17. Ng5 Bxg5 18. Bxg5 Rd5 19. Bf4 c4 20. Ng4 Nd7 21. dxc4 d3 22. Qd1 bxc4 23. Bg2 Rb5 24. b4 a5 25. a4 Rb6 26. Nf6+ Kh8 27. Nxd7 Qxd7 28. Be3 Nxb4 29. Bxb6 Nc2 30. Bxb7 Qxb7 31. Bxa5 Qd5 32. Bb6 f6 33. exf6 gxf6 34. Ra2 Nxe1 35. Qxe1 e5 36. Rb2 e4 37. Qe3 Rb8 38. Qf4 Rf8 39. Bd4 Qd8 40. Qxe4 Kg8 41. Qe6+ 1-0

[Event "World ol U16 10th"]
[Site "Kocaeli"]
[Date "2011.10.31"]
[Round "10.12"]
[White "Govindasamy, Nashlen"]
[Black "Ulusoy, Nisan"]
[Result "1-0"]
[WhiteElo "1877"]
[BlackElo "1646"]
[PlyCount "65"]
[EventDate "2011.10.24"]
[EventType "team-swiss"]
[EventRounds "10"]
[EventCountry "TUR"]
[SourceTitle "EXT 2012"]
[Source "ChessBase"]
[SourceDate "2011.11.24"]
[SourceVersion "1"]
[SourceVersionDate "2011.11.24"]
[SourceQuality "1"]
[WhiteTeam "South Africa"]
[BlackTeam "Turkey III"]
[WhiteTeamCountry "RSA"]
[BlackTeamCountry "TUR"]

1. d4 d5 2. Nf3 Nf6 3. g3 c5 4. Bg2 e6 5. 0-0 Nc6 6. b3 b6 7. Bb2 Bb7 8. Nbd2 Be7 9. Re1 Rc8 10. dxc5 bxc5 11. e4 dxe4 12. Ng5 e3 13. fxe3 Nd5 14. Nge4 Bg5 15. Nxg5 Qxg5 16. Ne4 Qe7 17. c4 Nb6 18. Nd6+ Kf8 19. Nxc8 Nxc8 20. Qd2 h5 21. Rad1 Nb6 22. Bxc6 Bxc6 23. Qd8+ Qxd8 24. Rxd8+ Be8 25. Ba3 f5 26. Bxc5+ Kf7 27. Red1 Rh6 28. Bxb6 axb6 29. R8d6 b5 30. c5 h4 31. c6 hxg3 32. c7 gxh2+ 33. Kh1 1-0

[Event "TUR-chT"]
[Site "Konya"]
[Date "2011.07.02"]
[Round "5"]
[White "Vatansever, Buse"]
[Black "Ulusoy, Nisan"]
[Result "0-1"]
[WhiteElo "1585"]
[BlackElo "1585"]
[PlyCount "70"]
[EventDate "2011.06.28"]
[EventType "team-swiss"]
[EventRounds "13"]
[EventCountry "TUR"]
[SourceTitle "CBM 143 Extra"]
[Source "ChessBase"]
[SourceDate "2011.08.29"]
[SourceVersion "1"]
[SourceVersionDate "2011.08.29"]
[SourceQuality "1"]
[WhiteTeam "Mersin Ezgi"]
[BlackTeam "Bursa Tophane"]
[WhiteTeamCountry "TUR"]
[BlackTeamCountry "TUR"]

1. e4 c5 2. Nf3 d6 3. d4 cxd4 4. Nxd4 Nf6 5. Nc3 g6 6. Be2 Bg7 7. Be3 0-0 8. 0-0 Nc6 9. Nb3 Be6 10. f4 Rc8 11. Bf3 Nd7 12. Rb1 Nb6 13. Nd5 Nc4 14. Bc1 Bxd5 15. exd5 Qb6+ 16. Kh1 Nb4 17. c3 Nxa2 18. Bd2 Nxd2 19. Nxd2 Rc5 20. Ne4 Rb5 21. Qc2 Rc8 22. Qd2 Nxc3 23. Nxc3 Bxc3 24. Qe2 Rc7 25. f5 Rxb2 26. Rxb2 Qxb2 27. Qe3 a5 28. fxg6 hxg6 29. Be4 Bf6 30. g4 Be5 31. Qh6 Qe2 32. Bg2 Rc2 33. Rg1 Bd4 34. Bf1 Qf3+ 35. Bg2 Rxg2 0-1

[Event "TUR-chT"]
[Site "Konya"]
[Date "2011.06.30"]
[Round "3"]
[White "Abdimanoglu, Beste Basak"]
[Black "Ulusoy, Nisan"]
[Result "0-1"]
[WhiteElo "1751"]
[BlackElo "1585"]
[PlyCount "96"]
[EventDate "2011.06.28"]
[EventType "team-swiss"]
[EventRounds "13"]
[EventCountry "TUR"]
[SourceTitle "CBM 143 Extra"]
[Source "ChessBase"]
[SourceDate "2011.08.29"]
[SourceVersion "1"]
[SourceVersionDate "2011.08.29"]
[SourceQuality "1"]
[WhiteTeam "Deniz Genclik"]
[BlackTeam "Bursa Tophane"]
[WhiteTeamCountry "TUR"]
[BlackTeamCountry "TUR"]

1. c4 Nf6 2. d4 g6 3. Nc3 Bg7 4. e4 d6 5. Nf3 0-0 6. Be2 e5 7. 0-0 Nc6 8. d5 Ne7 9. b4 Ne8 10. a4 f5 11. Ng5 Nf6 12. Ne6 Bxe6 13. dxe6 Nxe4 14. Nxe4 fxe4 15. Qc2 c6 16. Qxe4 d5 17. Qh4 Qd6 18. Qg4 Nf5 19. e7 Qxe7 20. cxd5 cxd5 21. Bg5 Bf6 22. Bxf6 Rxf6 23. Rad1 Nd4 24. Bb5 a6 25. Qd7 Qxd7 26. Bxd7 Raf8 27. Rd2 Rd6 28. Bh3 Rf4 29. Rb1 g5 30. Bc8 Rf7 31. Re1 Rc7 32. Bg4 Rdc6 33. Rxe5 Rc1+ 34. Rd1 Rxd1+ 35. Bxd1 Rc1 36. Re1 Nc2 37. Rf1 Nxb4 38. Bb3 Rc3 39. Bd1 d4 40. Bf3 b6 41. Rd1 d3 42. h4 gxh4 43. Be4 h6 44. Ra1 d2 45. Rd1 Rc1 46. Bf3 Nd3 47. Kh2 Rxd1 48. Bxd1 Nxf2 0-1

[Event "EU-ch U12 Girls"]
[Site "Batumi"]
[Date "2010.09.24"]
[Round "6"]
[White "Ulusoy, Nisan"]
[Black "Gueci, Tea"]
[Result "1-0"]
[WhiteElo "1555"]
[BlackElo "1789"]
[PlyCount "69"]
[EventDate "2010.09.20"]
[EventType "swiss"]
[EventRounds "9"]
[EventCountry "GEO"]
[SourceTitle "CBM 138 Extra"]
[Source "ChessBase"]
[SourceDate "2010.10.29"]
[SourceVersion "1"]
[SourceVersionDate "2010.10.29"]
[SourceQuality "1"]

1. e4 c5 2. Nf3 d6 3. d4 cxd4 4. Nxd4 Nf6 5. Nc3 a6 6. Bg5 e6 7. f4 Be7 8. Qf3 Qc7 9. 0-0-0 b5 10. g4 Bb7 11. Bxf6 Bxf6 12. Bxb5+ Nd7 13. Bxd7+ Qxd7 14. g5 Be7 15. Qe3 Rc8 16. Rhf1 Kd8 17. f5 Kc7 18. h4 Kb8 19. Kb1 Bd8 20. Nb3 Qc6 21. Qd4 exf5 22. Rxf5 f6 23. Qxd6+ Qxd6 24. Rxd6 g6 25. Rf2 fxg5 26. hxg5 Bxg5 27. Na5 Bh4 28. Rf7 Rc7 29. Rdd7 Bg3 30. Nxb7 Kxb7 31. Rxc7+ Bxc7 32. Nd5 Rc8 33. Rxh7 Kc6 34. Ne7+ Kd7 35. Nxc8+ 1-0

[Event "World School-ch U11 Girls 6th"]
[Site "Kayseri"]
[Date "2010.07.26"]
[Round "6"]
[White "Vatansever, Buse"]
[Black "Ulusoy, Nisan"]
[Result "0-1"]
[WhiteElo "1547"]
[BlackElo "1613"]
[PlyCount "144"]
[EventDate "2010.07.21"]
[EventType "swiss"]
[EventRounds "9"]
[EventCountry "TUR"]
[SourceTitle "CBM 137 Extra"]
[Source "ChessBase"]
[SourceDate "2010.09.01"]
[SourceVersion "1"]
[SourceVersionDate "2010.09.01"]
[SourceQuality "1"]

1. d4 Nf6 2. Nf3 g6 3. g3 Bg7 4. c4 e6 5. Nc3 d5 6. Bg2 b6 7. 0-0 Bb7 8. Bg5 0-0 9. Re1 Nbd7 10. cxd5 exd5 11. Ne5 c6 12. Qd2 Qc7 13. Bf4 Qd8 14. Rac1 Nh5 15. Nxd7 Qxd7 16. Bh6 Rad8 17. Bxg7 Nxg7 18. Red1 Ne6 19. Qh6 Qe7 20. h4 Qb4 21. Rd2 Nxd4 22. a3 Qc4 23. Rcd1 Nf5 24. Qg5 f6 25. Qf4 Qxf4 26. gxf4 Nxh4 27. Bh3 Bc8 28. Kh2 Bxh3 29. Kxh3 Nf5 30. e4 Nd6 31. exd5 Nc4 32. Rd4 cxd5 33. Rxd5 Rxd5 34. Rxd5 Nxb2 35. Rd7 a6 36. Rb7 Nc4 37. a4 Rd8 38. Ne4 Rf8 39. Nc3 Rf7 40. Rb8+ Rf8 41. Rb7 Re8 42. Rc7 Nd6 43. Rc6 Rc8 44. Rxd6 Rxc3+ 45. Kg2 Rc4 46. Rxb6 Rxa4 47. Rxf6 a5 48. Ra6 Ra2 49. Ra7 a4 50. Kf3 a3 51. Kg2 Ra1 52. Kf3 a2 53. Kg2 Kf8 54. Kf3 Ke8 55. Ke2 Kd8 56. Kf3 Kc8 57. Kg2 Kb8 58. Ra3 Kc7 59. Kf3 Kb6 60. Ra8 h5 61. Kg2 h4 62. Ra3 h3+ 63. Kh2 Kc5 64. Ra8 Kd4 65. Ra4+ Kd3 66. Ra3+ Ke2 67. Ra6 Kxf2 68. Rc6 Rh1+ 69. Kxh1 a1Q+ 70. Kh2 Qg1+ 71. Kxh3 Qh1+ 72. Kg4 Qxc6 0-1

[Event "World School-ch U11 Girls 6th"]
[Site "Kayseri"]
[Date "2010.07.25"]
[Round "5"]
[White "Ulusoy, Nisan"]
[Black "Abdumalik, Zhansaya"]
[Result "0-1"]
[WhiteElo "1613"]
[BlackElo "1888"]
[PlyCount "104"]
[EventDate "2010.07.21"]
[EventType "swiss"]
[EventRounds "9"]
[EventCountry "TUR"]
[SourceTitle "CBM 137 Extra"]
[Source "ChessBase"]
[SourceDate "2010.09.01"]
[SourceVersion "1"]
[SourceVersionDate "2010.09.01"]
[SourceQuality "1"]

1. e4 c5 2. Nf3 d6 3. d4 cxd4 4. Nxd4 Nf6 5. Nc3 a6 6. f3 Qc7 7. Be3 e6 8. Bd3 Nbd7 9. Nb3 b5 10. Qd2 Bb7 11. 0-0 Be7 12. Ne2 Rc8 13. a4 bxa4 14. Rxa4 0-0 15. Na5 Ne5 16. Nd4 Nxd3 17. cxd3 Ba8 18. Nc4 d5 19. Na5 dxe4 20. dxe4 Rfd8 21. Qe2 Bd6 22. h3 Bh2+ 23. Kh1 Nh5 24. Bf2 Bg3 25. Kg1 Nf4 26. Qe3 Bxf2+ 27. Qxf2 Rxd4 28. Rxd4 Qxa5 29. Rfd1 h6 30. Kh1 e5 31. Rd6 Ne6 32. Qe2 Bb7 33. Rd7 Bc6 34. R7d6 Nd4 35. Qc4 Bb7 36. Qd3 Qc7 37. Rxd4 exd4 38. Qxd4 Qc5 39. Qd7 Qc6 40. Qd4 Qg6 41. Qd2 Qc6 42. Qd4 Qb5 43. Qd2 a5 44. Qd4 a4 45. Ra1 Rc4 46. Qd8+ Kh7 47. Rb1 a3 48. Qd2 Rb4 49. e5 Rxb2 50. Rxb2 axb2 51. Qc2+ Kg8 52. Qb1 Ba6 0-1

[Event "TUR-ch (Women)"]
[Site "Konya"]
[Date "2010.07.10"]
[Round "2"]
[White "Ulusoy, Nisan"]
[Black "Menzi, Nezihe Ezgi"]
[Result "1/2-1/2"]
[WhiteElo "1613"]
[BlackElo "1851"]
[PlyCount "92"]
[EventDate "2010.07.10"]
[EventType "swiss"]
[EventRounds "9"]
[EventCountry "TUR"]
[SourceTitle "CBM 137 Extra"]
[Source "ChessBase"]
[SourceDate "2010.09.01"]
[SourceVersion "1"]
[SourceVersionDate "2010.09.01"]
[SourceQuality "1"]

1. e4 c5 2. Nf3 d6 3. d4 cxd4 4. Nxd4 Nf6 5. Nc3 g6 6. Be3 Bg7 7. f3 Nc6 8. Qd2 0-0 9. 0-0-0 Nxd4 10. Bxd4 Be6 11. Kb1 Qc7 12. h4 Rfc8 13. h5 Qa5 14. hxg6 hxg6 15. a3 Rab8 16. Bd3 b5 17. Qg5 a6 18. Rh2 Qc7 19. Rdh1 b4 20. Bxf6 exf6 21. Qh4 Kf8 22. axb4 Rxb4 23. Kc1 Rxb2 24. Qe1 f5 25. Rh8+ Bxh8 26. Rxh8+ Kg7 27. Rxc8 Rxc2+ 28. Kxc2 Qxc8 29. Qg3 fxe4 30. fxe4 Qc6 31. Qe3 a5 32. Qa7 Qc5 33. Qxc5 dxc5 34. Nd5 Bc8 35. Kb3 Bb7 36. Ka4 f5 37. Kxa5 c4 38. Bc2 fxe4 39. Bxe4 c3 40. Nxc3 Bxe4 41. Nxe4 Kf7 42. Kb4 Ke6 43. Kc3 Kf5 44. Kd3 Kf4 45. Kd4 g5 46. Nxg5 Kxg5 1/2-1/2